000 00635nam a22002057a 4500
005 20251108165236.0
008 250721s2005 xx 000 0 ara d
082 1 4 _a219/حوى
100 1 _aحوى، سعيد
_eمؤلف
245 1 0 _aالرسول صلى الله عليه و سلم /
250 _aط7.
264 1 _aالقاهرة :
_bدار السلام،
_c2005.
300 _a503ص.
490 0 _aدراسات منهجية هادفة-ألله-الرسول- الإسلام
650 1 7 _aالسيره النبويه
650 1 7 _aمولد النبي
650 1 7 _aوفاه النبي
942 _2ddc
_cBK
999 _c23015
_d23015